<?xml version="1.0" encoding="UTF-8"?>
<collection xmlns:xsi="http://www.w3.org/2001/XMLSchema-instance" xsi:schemaLocation="http://www.loc.gov/MARC21/slim http://www.loc.gov/standards/marcxml/schema/MARC21slim.xsd" xmlns="http://www.loc.gov/MARC21/slim">
 <record>
  <leader>00000caa a22000003a 4500</leader>
  <controlfield tag="001">UP-8027390931312542050</controlfield>
  <controlfield tag="003">Buklod</controlfield>
  <controlfield tag="005">20200626103043.0</controlfield>
  <controlfield tag="006">o--- |     ||   ||</controlfield>
  <controlfield tag="007">ta</controlfield>
  <controlfield tag="008">200626s        xx     d     r    |||| u|</controlfield>
  <datafield tag="035" ind1=" " ind2=" ">
   <subfield code="a">(iLib)UPCEB-00011920551</subfield>
  </datafield>
  <datafield tag="040" ind1=" " ind2=" ">
   <subfield code="a">edz</subfield>
  </datafield>
  <datafield tag="041" ind1=" " ind2=" ">
   <subfield code="a">eng</subfield>
  </datafield>
  <datafield tag="100" ind1="1" ind2=" ">
   <subfield code="a">Tamir, Maya.</subfield>
  </datafield>
  <datafield tag="245" ind1="0" ind2="4">
   <subfield code="a">Knowing Good From Bad</subfield>
   <subfield code="b">The Paradox of Neuroticism, Negative Affect, and Evaluative Processing. (article).</subfield>
  </datafield>
  <datafield tag="300" ind1=" " ind2=" ">
   <subfield code="a">913-925.</subfield>
  </datafield>
  <datafield tag="520" ind1=" " ind2=" ">
   <subfield code="a">There are pragmatic benefits to trait-consistent mood states, especially when people are evaluating new objects within the environment  (M. Tamir, M. D. Robinson, &amp; G. L. Clore, 2002). The present studies, involving both naturally occuring (Studies 1 and 2) and manipulated (Study 3) mode states, demonstrated such  trait-consistent interactions within the context of neuroticism and negative mood states. Individuals high in neuroticism were faster to make evaluations when a negative mood states like sadness.  By contrast , individuals low in neuroticism were faster to make evaluations when in a neural mood state. The present studies demonstrate that although negative mood states are hedonically unpleasant, they can be beneficial  in some ways for  individuals high in neuroticism. --  (from the author).</subfield>
  </datafield>
  <datafield tag="650" ind1="1" ind2="7">
   <subfield code="a">Psychology-Periodicals.</subfield>
  </datafield>
  <datafield tag="773" ind1="0" ind2=" ">
   <subfield code="a">Journal of Personality and Social Psychology.</subfield>
   <subfield code="g">vol. 87, (6),  2004.</subfield>
  </datafield>
  <datafield tag="942" ind1=" " ind2=" ">
   <subfield code="a">Analytics</subfield>
  </datafield>
 </record>
</collection>
